000
00264nam a22001217a 4500
082
_a
911 WOR'R
100
_a
RIDGWAY, ATHELSTON
_9
57618
245
_a
THE WORLD REVEALED
250
_a
4TH
260
_a
LONDON
_b
THOMAS NELSON
_c
1926
300
_a
256P
942
_c
BK
999
_c
567887
_d
567887